Tratado de auditoria; tomo 1 /
Guardado en:
| Autor Principal: | |
|---|---|
| Formato: | Libro |
| Publicado: |
Argentina :
Contabilidad Moderna,
1984
|
| Edición: | 3a. ed. |
| Materias: | |
| Etiquetas: |
Agregar Etiqueta
Sin Etiquetas, Sea el primero en etiquetar este registro!
|
| LEADER | 01004nam a22002175a 4500 | ||
|---|---|---|---|
| 001 | CEM.cems002589 | ||
| 005 | 19000101000000.0 | ||
| 008 | 130507s1984##################000#0#####d | ||
| 003 | CEMS | ||
| 082 | 0 | 4 | |a 657.6 |
| 100 | 1 | |a Fowler Newton, Enrique | |
| 245 | 1 | 0 | |a Tratado de auditoria; tomo 1 / |
| 250 | |a 3a. ed. | ||
| 260 | |a Argentina : |b Contabilidad Moderna, |c 1984 | ||
| 300 | |a 638 p. | ||
| 505 | 0 | |a Examen de estados contables y operaciones: remuneraciones y cargas sociales; existencias y costos de mercader¡as vendidas; venta y créditos por venta; caja y bancos; inversiones y sus ingresos; créditos diversos; bienes intangibles; impuestos, previsiones y pasivos diversos; cuentas de orden; resultados; cambios en la situaci¢n financiera; conclusi¢n de la auditor¡a.-Informes de auditor¡a. | |
| 653 | |a Auditoria | ||
| 653 | |a Contabilidad | ||
| 653 | |a Estados contables-auditoria | ||
| 653 | |a Pasivos financieros-auditoria | ||
| 859 | |a CEMS |b BIB. CEMS - 11 de abril |h 657.6 |i F829a3/I |p 13298.84 |t Ej.1 | ||
